[Event "Women's World Rapid Championship 2012"]
[Site "Batumi GEO"]
[Date "2012.05.31"]
[Round "3.20"]
[White "Zhukova, Natalia"]
[Black "Arabidze, Meri"]
[Result "1-0"]
[WhiteTitle "GM"]
[BlackTitle "WIM"]
[WhiteElo "2442"]
[BlackElo "2351"]
[WhiteFideId "14101513"]
[BlackFideId "13604040"]
[EventDate "2012.05.31"]

1. d4 Nf6 2. Nf3 e6 3. e3 b6 4. Bd3 Bb7 5. O-O c5 6. c4 Be7 7. Nc3 cxd4 8. exd4
d5 9. cxd5 Nxd5 10. Ne5 O-O 11. Qh5 Nf6 12. Qh4 Nbd7 13. Rd1 Rc8 14. Qh3 a6 15.
Bf4 b5 16. d5 Nc5 17. dxe6 Nxe6 18. Bxh7+ Nxh7 19. Rxd8 Rcxd8 20. Be3 Nf6 21.
Re1 Bb4 22. Ng6 fxg6 23. Qxe6+ Kh8 24. a3 Bd6 25. h3 Bc8 26. Qb3 Rde8 27. Rd1
Be6 28. Qc2 Bf5 29. Qc1 Be5 30. Bd4 Bxd4 31. Rxd4 Re7 32. Qd2 Rfe8 33. Rd8 Kh7
34. Rxe8 Rxe8 35. g4 Bc8 36. Qd6 Bb7 37. Kh2 Re1 38. Qc7 Rh1+ 39. Kg3 Rg1+ 40.
Kf4 Bd5 41. g5 Nh5+ 42. Ke3 Bc4 43. Ne4 Kh8 44. Nd6 Re1+ 45. Kd2 Re2+ 46. Kc3
Bg8 47. Nf7+ Kh7 48. Kb4 Rxb2+ 49. Ka5 Rxf2 50. Ne5 Nf4 51. Qc5 Re2 52. Qd4 Nh5
53. Nxg6 Kxg6 54. Qd3+ Kxg5 55. Qxe2 Bc4 56. Qg4+ Kh6 57. Kxa6 Nf6 58. Qh4+ Kg6
59. Kb6 Bf1 60. Kc6 Kf7 61. Kd6 Ne8+ 62. Ke5 Nf6 63. Qg3 Bc4 64. Kd4 Bf1 65. Qf3
Bc4 66. a4 Bd5 67. Qd1 bxa4 68. Qxa4 Be4 69. Ke5 Bd5 70. h4 Be4 71. Qa7+ Kg6 72.
Qg1+ Kh6 73. Qg5+ Kh7 74. Ke6 Bg6 75. Ke7 Bh5 76. Qd2 Bg4 77. Kf7 Bh5+ 78. Kf8
Bg4 79. Qg5 Nd7+ 80. Kf7 1-0

[Event "Women's World Rapid Championship 2012"]
[Site "Batumi GEO"]
[Date "2012.05.31"]
[Round "3.21"]
[White "Charkhalashvili, Inga"]
[Black "Kosintseva, Tatiana"]
[Result "1/2-1/2"]
[WhiteTitle "WGM"]
[BlackTitle "GM"]
[WhiteElo "2334"]
[BlackElo "2532"]
[WhiteFideId "13601431"]
[BlackFideId "4133471"]
[EventDate "2012.05.31"]

1. d4 Nf6 2. c4 e6 3. Nf3 d5 4. cxd5 exd5 5. Nc3 Bb4 6. a3 Bxc3+ 7. bxc3 Ne4 8.
Qb3 O-O 9. e3 c5 10. dxc5 Nxc5 11. Qc2 Nc6 12. Be2 Be6 13. O-O Rc8 14. a4 Ne4
15. Ba3 Re8 16. Qb2 Na5 17. Rfc1 Qf6 18. Bb5 Red8 19. Nd4 b6 20. Bb4 Nc4 21.
Bxc4 Rxc4 22. a5 Rdc8 23. axb6 axb6 24. f3 Nc5 25. Qd2 h6 26. Ra7 Bf5 27. Rca1
Bg6 28. Ra8 Nd3 29. Rxc8+ Rxc8 30. Ra6 Ne5 31. Qa2 Qh4 32. Qf2 Qd8 33. Ra7 Nd3
34. Qd2 Ra8 35. Rxa8 Qxa8 36. Qd1 Qa2 37. Ne2 Qc4 38. Bd6 b5 39. h3 Qc6 40. Bg3
Qe6 41. Qd2 Qa6 42. Qd1 Qa2 43. Kh2 Qc4 44. Qd2 h5 45. h4 Kh7 46. Nf4 Nxf4 47.
Bxf4 Bd3 48. Qb2 Bf1 49. Qd2 f6 50. Kg1 Bd3 51. Kh2 Kg6 52. Qb2 Bf1 53. Qd2 Kf7
54. Kg1 Bd3 55. Qb2 Qa4 56. Kh2 Ke6 57. Qb4 Qxb4 58. cxb4 Kf5 59. Bd6 g5 60.
hxg5 fxg5 61. Kg3 h4+ 62. Kf2 g4 63. fxg4+ Kxg4 64. Bc5 Be4 65. Bd6 Bd3 66. Be7
Be4 1/2-1/2

[Event "Women's World Rapid Championship 2012"]
[Site "Batumi GEO"]
[Date "2012.05.31"]
[Round "3.22"]
[White "Mikadze, Miranda"]
[Black "Batsiashvili, Nino"]
[Result "0-1"]
[WhiteTitle "WIM"]
[BlackTitle "WGM"]
[WhiteElo "2323"]
[BlackElo "2436"]
[WhiteFideId "13603108"]
[BlackFideId "13602993"]
[EventDate "2012.05.31"]

1. e4 c6 2. d4 d5 3. exd5 cxd5 4. c4 Nf6 5. Nc3 Nc6 6. Bg5 Be6 7. Nf3 g6 8. Bxf6
exf6 9. Qb3 Bb4 10. c5 Bg4 11. O-O-O Bxf3 12. gxf3 Bxc3 13. bxc3 O-O 14. Qxb7
Qa5 15. Qb2 Rab8 16. Qc2 Qa3+ 0-1

[Event "Women's World Rapid Championship 2012"]
[Site "Batumi GEO"]
[Date "2012.05.31"]
[Round "3.23"]
[White "Umudova, Nargiz"]
[Black "Khukhashvili, Sopiko"]
[Result "1/2-1/2"]
[WhiteTitle "WIM"]
[BlackTitle "IM"]
[WhiteElo "2231"]
[BlackElo "2414"]
[WhiteFideId "13402137"]
[BlackFideId "13602055"]
[EventDate "2012.05.31"]

1. e4 c5 2. Nf3 d6 3. d4 cxd4 4. Nxd4 Nf6 5. Nc3 Nc6 6. Bc4 e6 7. Be3 a6 8. Qe2
Qc7 9. O-O-O Na5 10. Bd3 b5 11. Nb3 Bb7 12. f3 Nd7 13. Bd2 Nc4 14. Nd5 exd5 15.
exd5+ Be7 16. Bc3 Nf6 17. Rhe1 Kf8 18. Bxc4 bxc4 19. Na5 Re8 20. Bxf6 gxf6 21.
Nxc4 h5 22. b3 a5 23. a4 Ba6 24. Rd4 f5 25. Kb1 Kg7 26. Qf2 h4 27. Ne3 Bf6 28.
Nxf5+ Kg6 29. Rxe8 Rxe8 30. Nxh4+ Kh7 31. Nf5 Qc3 32. Rh4+ Kg8 33. Qg3+ Bg7 34.
Nh6+ Kf8 35. Qxd6+ Re7 36. Qd8+ Re8 37. Qd6+ Re7 1/2-1/2

[Event "Women's World Rapid Championship 2012"]
[Site "Batumi GEO"]
[Date "2012.05.31"]
[Round "3.24"]
[White "Ding, Yixin"]
[Black "Gurieli, Nino"]
[Result "0-1"]
[WhiteTitle "WGM"]
[BlackTitle "IM"]
[WhiteElo "2353"]
[BlackElo "2329"]
[WhiteFideId "8602972"]
[BlackFideId "13600222"]
[EventDate "2012.05.31"]

1. e4 g6 2. d4 Bg7 3. Nc3 d6 4. Nf3 Nf6 5. h3 O-O 6. Be3 c6 7. Bd3 Nbd7 8. O-O
e5 9. a4 Qa5 10. Rb1 Qb4 11. Bd2 Qb6 12. dxe5 dxe5 13. b4 a5 14. bxa5 Qxa5 15.
Nb5 Qd8 16. Nd6 Rxa4 17. c4 Nc5 18. Be3 Nxd3 19. Qxa4 Qxd6 20. Rfd1 Nxe4 21. Qc2
Nec5 22. Ng5 Qe7 23. Qe2 h6 24. Nf3 e4 25. Nd4 f5 26. Nb3 Nxb3 27. Rxb3 f4 28.
Bb6 f3 29. Qe3 Nf4 30. g3 Nxh3+ 31. Kf1 Qe6 32. Rc1 Ng5 33. Ke1 Nf7 34. Kd2 h5
35. Bc7 Qd7+ 36. Ke1 Qxc7 37. Qxe4 Ne5 38. Qe3 Bf5 39. Kf1 Ng4 40. Qa7 Qe5 41.
Kg1 Re8 42. Rf1 h4 43. Rxf3 h3 44. Rf4 Bd3 45. Rxg4 Bxf1 0-1

[Event "Women's World Rapid Championship 2012"]
[Site "Batumi GEO"]
[Date "2012.05.31"]
[Round "3.25"]
[White "Purtseladze, Maka"]
[Black "Janjghava, Natia"]
[Result "1-0"]
[WhiteTitle "IM"]
[BlackTitle "WIM"]
[WhiteElo "2348"]
[BlackElo "2306"]
[WhiteFideId "13602659"]
[BlackFideId "13600389"]
[EventDate "2012.05.31"]

1. d4 Nf6 2. c4 g6 3. Nc3 Bg7 4. e4 d6 5. Nf3 O-O 6. Be2 e5 7. O-O Nc6 8. d5 Ne7
9. Be3 Ng4 10. Bg5 h6 11. Bd2 f5 12. Nh4 Nf6 13. exf5 g5 14. Ng6 Nxg6 15. fxg6
Bf5 16. h4 gxh4 17. Qc1 Qe8 18. Bxh6 Qxg6 19. Bg5 h3 20. g3 Ne4 21. Nxe4 Bxe4
22. f3 Bh6 23. Qe3 Bf5 24. f4 exf4 25. gxf4 Rae8 26. Qd2 Be4 27. Bg4 Bg2 28.
Rfe1 Bg7 29. Be6+ Kh8 30. Kh2 Qh5 31. f5 Qf3 32. Re3 Qh5 33. Re2 Bf3 34. Ree1
Bg4 35. Qf4 Bf6 36. Bxf6+ Rxf6 37. Qd4 Rf8 38. Rg1 Bxf5 39. Raf1 Qe2+ 40. Rf2
Qe4 41. Rxf5 1-0

[Event "Women's World Rapid Championship 2012"]
[Site "Batumi GEO"]
[Date "2012.06.01"]
[Round "4.1"]
[White "Huang, Qian"]
[Black "Cramling, Pia"]
[Result "1/2-1/2"]
[WhiteTitle "WGM"]
[BlackTitle "GM"]
[WhiteElo "2417"]
[BlackElo "2478"]
[WhiteFideId "8602689"]
[BlackFideId "1700030"]
[EventDate "2012.05.31"]

1. Nf3 d5 2. d4 Nf6 3. c4 c6 4. e3 a6 5. Qc2 e6 6. Nc3 c5 7. dxc5 Bxc5 8. a3 O-O
9. b4 Be7 10. cxd5 exd5 11. Bb2 Nc6 12. Rd1 h6 13. Be2 Be6 14. O-O Rc8 15. Qb1
Bd6 16. b5 axb5 17. Nxb5 Bb8 18. Nbd4 Ne4 19. Bd3 Nxd4 20. Bxe4 Ne2+ 21. Kh1 Qa5
22. Bf5 Nc3 23. Bxc3 Qxc3 24. Nd4 Qc7 25. g3 Qe7 26. Rc1 Be5 27. a4 Rxc1 28.
Rxc1 Bxd4 29. exd4 Qf6 30. Bxe6 fxe6 31. Qb2 Qxf2 32. Qxf2 Rxf2 33. Rb1 Rd2 34.
Rxb7 Rxd4 35. a5 Ra4 36. Re7 Rxa5 37. Rxe6 Ra2 38. Rd6 Rd2 39. Rd7 Kh7 40. Rd6
g5 41. h3 h5 42. Kg1 Kg7 43. Kf1 Kf7 44. Ke1 Rg2 45. g4 hxg4 46. hxg4 Rxg4 47.
Rxd5 Kg6 48. Kf2 Kh5 49. Rd8 Ra4 50. Kg2 Kg4 51. Rd3 Ra2+ 52. Kg1 Kh4 53. Rc3 g4
54. Rb3 g3 55. Rb8 Kh3 1/2-1/2

[Event "Women's World Rapid Championship 2012"]
[Site "Batumi GEO"]
[Date "2012.06.01"]
[Round "4.2"]
[White "Khurtsidze, Nino"]
[Black "Koneru, Humpy"]
[Result "0-1"]
[WhiteTitle "IM"]
[BlackTitle "GM"]
[WhiteElo "2456"]
[BlackElo "2589"]
[WhiteFideId "13600320"]
[BlackFideId "5008123"]
[EventDate "2012.05.31"]

1. d4 d5 2. c4 e6 3. Nf3 Nf6 4. Nc3 Bb4 5. cxd5 exd5 6. Bg5 Nbd7 7. e3 c5 8. Bd3
c4 9. Bf5 Nb6 10. Bc2 Bg4 11. a3 Bxc3+ 12. bxc3 h6 13. Bxf6 Qxf6 14. h3 Bh5 15.
g4 Bg6 16. Bxg6 Qxg6 17. Qb1 Qe6 18. Qb5+ Ke7 19. Ne5 Rhd8 20. Qb4+ Qd6 21.
Qxd6+ Rxd6 22. a4 Nd7 23. Nxd7 Kxd7 24. Ke2 Rb6 25. Rhb1 Kc6 26. f3 Re8 27. Kd2
g6 28. Rb4 Rxb4 29. cxb4 a6 30. Re1 b5 31. a5 Kd6 32. e4 f6 33. Kc3 h5 34. Rf1
hxg4 35. fxg4 dxe4 36. Rxf6+ Kd5 37. Kd2 e3+ 38. Ke2 c3 39. Rf7 Rc8 40. Rf1 0-1

[Event "Women's World Rapid Championship 2012"]
[Site "Batumi GEO"]
[Date "2012.06.01"]
[Round "4.5"]
[White "Lahno, Kateryna"]
[Black "Muzychuk, Mariya"]
[Result "1-0"]
[WhiteTitle "GM"]
[BlackTitle "IM"]
[WhiteElo "2546"]
[BlackElo "2456"]
[WhiteFideId "14109336"]
[BlackFideId "14114550"]
[EventDate "2012.05.31"]

1. Nf3 f5 2. b3 d6 3. d4 Nf6 4. Bb2 g6 5. e3 Bg7 6. Bc4 e6 7. O-O O-O 8. Nc3 d5
9. Bd3 Ne4 10. Ne2 c6 11. Nf4 Re8 12. c4 Nd7 13. Rc1 Ndf6 14. Ne5 Qe7 15. f3 Ng5
16. h4 Nf7 17. Nxf7 Qxf7 18. e4 Bh6 19. Nh3 Be3+ 20. Kh2 dxe4 21. fxe4 Qc7+ 22.
e5 Ng4+ 23. Kh1 Rd8 24. Be2 Bxc1 25. Qxc1 c5 26. Bxg4 fxg4 27. Ng5 cxd4 28. Rf7
Qxe5 29. Qf1 Bd7 30. Ba3 Bc6 31. Be7 d3 32. Bf6 Rd7 33. Bxe5 Rad8 34. Qf6 1-0

[Event "Women's World Rapid Championship 2012"]
[Site "Batumi GEO"]
[Date "2012.06.01"]
[Round "4.6"]
[White "Gunina, Valentina"]
[Black "Tan, Zhongyi"]
[Result "1-0"]
[WhiteTitle "IM"]
[BlackTitle "WGM"]
[WhiteElo "2530"]
[BlackElo "2430"]
[WhiteFideId "4167570"]
[BlackFideId "8603642"]
[EventDate "2012.05.31"]

1. d4 d5 2. c4 e6 3. Nc3 Bb4 4. Nf3 Nf6 5. cxd5 exd5 6. Bg5 h6 7. Bh4 c5 8. e3
g5 9. Bg3 Ne4 10. Rc1 c4 11. Be2 Qa5 12. Ne5 Nc6 13. O-O Bxc3 14. bxc3 O-O 15.
Qe1 Qxa2 16. f3 Nxg3 17. hxg3 Nxe5 18. dxe5 Bf5 19. f4 g4 20. Qd1 h5 21. Kf2
Rfd8 22. Rh1 Bg6 23. Qd4 f5 24. exf6 Qb2 25. f5 Bf7 26. Qf4 Kf8 27. Rb1 Qxc3 28.
Qh6+ Ke8 29. Rxb7 Qa3 30. Qh8+ 1-0

[Event "Women's World Rapid Championship 2012"]
[Site "Batumi GEO"]
[Date "2012.06.01"]
[Round "4.9"]
[White "Paehtz, Elisabeth"]
[Black "Mkrtchian, Lilit"]
[Result "1-0"]
[WhiteTitle "IM"]
[BlackTitle "IM"]
[WhiteElo "2491"]
[BlackElo "2449"]
[WhiteFideId "4641833"]
[BlackFideId "13300601"]
[EventDate "2012.05.31"]

1. e4 c6 2. d3 d5 3. Nd2 Nf6 4. Ngf3 Bg4 5. h3 Bxf3 6. Qxf3 e6 7. c3 Nbd7 8. Qg3
Qb8 9. Qxb8+ Rxb8 10. exd5 exd5 11. Nf3 Bd6 12. Be3 a6 13. Be2 O-O 14. O-O-O
Rfe8 15. Rhe1 Re7 16. Bf1 Rbe8 17. Bg5 h6 18. Rxe7 Rxe7 19. Be3 Nh5 20. g4 Nf4
21. Nd4 g6 22. Kd2 Nf8 23. b4 N8e6 24. Nf3 Ng5 25. Ng1 Nge6 26. a4 h5 27. Nf3
Ng7 28. Bb6 f5 29. g5 Nfe6 30. h4 Nf4 31. Kc2 Ne8 32. Kb3 Nc7 33. c4 Nce6 34.
Be3 Nf8 35. b5 axb5 36. axb5 Nd7 37. Kc2 Ne6 38. cxd5 cxd5 39. Bg2 Bc5 40. d4
Bd6 41. Ne5 Nxe5 42. dxe5 Bxe5 43. Bxd5 Kf7 44. Bb6 Rd7 45. Kb3 Ke7 46. Kc4 Nf4
47. Bc5+ Bd6 48. Re1+ Kd8 49. Bxd6 Rxd6 50. Bxb7 Nd3 51. Re2 Kc7 52. Bc6 Kb6 53.
Re8 Nxf2 54. Rb8+ Kc7 55. Rb7+ Kc8 56. Kc5 Rd2 57. Rg7 Nd3+ 58. Kb6 Ne5 59. Rg8+
Rd8 60. Rg7 Nd7+ 61. Bxd7+ Rxd7 62. Rxg6 Rf7 63. Kc6 Kd8 64. b6 1-0

[Event "Women's World Rapid Championship 2012"]
[Site "Batumi GEO"]
[Date "2012.06.01"]
[Round "4.10"]
[White "Socko, Monika"]
[Black "Wang, Jue"]
[Result "0-1"]
[WhiteTitle "GM"]
[WhiteElo "2484"]
[BlackElo "2364"]
[WhiteFideId "1106619"]
[BlackFideId "8604070"]
[EventDate "2012.05.31"]

1. Nf3 Nf6 2. g3 g6 3. Bg2 Bg7 4. O-O O-O 5. d3 d5 6. a3 Nc6 7. Nbd2 e5 8. e4 a5
9. Re1 Re8 10. Rb1 a4 11. h3 h6 12. Kh2 Be6 13. exd5 Nxd5 14. Ne4 b6 15. c4 Nde7
16. Nc3 Bf5 17. Nd5 Ra5 18. Nh4 Be6 19. Nxe7+ Nxe7 20. Bd2 Ra7 21. Bc3 Qd6 22.
Qe2 Nc6 23. Bxc6 Qxc6 24. Qf3 Qd6 25. Rbd1 c5 26. Qe3 Bd7 27. Nf3 Bc6 28. Nd2
Rae7 29. Ne4 Qc7 30. Nd2 Bb7 31. Qe2 Qc6 32. Qf1 Rd8 33. Re3 h5 34. Rde1 h4 35.
Nf3 hxg3+ 36. fxg3 f6 37. Nh4 Qe8 38. Qe2 Bc8 39. Rf3 Be6 40. Qe4 Bf7 41. Ref1
f5 42. Qe3 Kh7 43. R3f2 Bh6 44. Qf3 Qd7 45. Re1 Qxd3 46. Qc6 Rd6 47. Qxa4 Qxc4
48. Qxc4 Bxc4 49. Rxe5 Rxe5 50. Bxe5 Rd1 51. Bc3 Be3 52. Rc2 Bd3 53. Rg2 Be4 54.
g4 Bf4+ 55. Rg3 Rh1# 0-1

[Event "Women's World Rapid Championship 2012"]
[Site "Batumi GEO"]
[Date "2012.06.01"]
[Round "4.11"]
[White "Dzagnidze, Nana"]
[Black "Kovalevskaya, Ekaterina"]
[Result "1-0"]
[WhiteTitle "GM"]
[BlackTitle "IM"]
[WhiteElo "2547"]
[BlackElo "2417"]
[WhiteFideId "13601903"]
[BlackFideId "4116704"]
[EventDate "2012.05.31"]

1. d4 d5 2. c4 e6 3. Nf3 c5 4. cxd5 exd5 5. Nc3 Nc6 6. g3 Nf6 7. Bg2 Be7 8. O-O
O-O 9. dxc5 d4 10. Na4 Bf5 11. Bf4 Be4 12. b4 Qd5 13. Qd2 b5 14. cxb6 Bxb4 15.
Qb2 axb6 16. Nxb6 Bc3 17. Nxd5 Bxb2 18. Nxf6+ gxf6 19. Rad1 Rxa2 20. Rd2 Rfa8
21. Nh4 Bxg2 22. Kxg2 Bc3 23. Rxa2 Rxa2 24. Kf3 Ne5+ 25. Bxe5 fxe5 26. Nf5 f6
27. g4 Kf7 28. Rb1 e4+ 29. Kxe4 Rxe2+ 30. Kf3 Ra2 31. Rb7+ Ke6 32. Rxh7 Kd5 33.
h4 Kc4 34. Rd7 Kd3 35. h5 Ra1 36. h6 Ra8 37. h7 Kc4 38. Nd6+ Kb3 39. Nf7 1-0

[Event "Women's World Rapid Championship 2012"]
[Site "Batumi GEO"]
[Date "2012.06.01"]
[Round "4.13"]
[White "Harika, Dronavalli"]
[Black "Bezgodova, Svetlana"]
[Result "1-0"]
[WhiteTitle "GM"]
[BlackTitle "WIM"]
[WhiteElo "2508"]
[BlackElo "2120"]
[WhiteFideId "5015197"]
[BlackFideId "4110650"]
[EventDate "2012.05.31"]

1. Nf3 Nf6 2. c4 d6 3. d4 Nbd7 4. Nc3 c6 5. g3 e5 6. Bg2 Be7 7. O-O O-O 8. e4 a6
9. a4 a5 10. h3 Re8 11. Be3 exd4 12. Nxd4 Nc5 13. Qc2 Qb6 14. Rad1 Bf8 15. f4
Bd7 16. g4 Kh8 17. g5 Ng8 18. Bf2 Rad8 19. f5 Bc8 20. Kh1 Qb4 21. b3 Qb6 22.
Nce2 Rd7 23. Nf4 Rde7 24. Rfe1 Qc7 25. Bg3 Re5 26. Nh5 Qb6 27. h4 g6 28. Nf6
Nxf6 29. gxf6 Bh6 30. Bxe5 dxe5 31. Nf3 Bf4 32. Ng5 Qc7 33. Rf1 gxf5 34. exf5
Rg8 35. Rxf4 exf4 36. Re1 Rxg5 37. hxg5 Bd7 38. Qe2 Qc8 39. Qe7 Nd3 40. Qxf7 Qg8
41. Re7 f3 42. Qxg8+ Kxg8 43. Rxd7 1-0

[Event "Women's World Rapid Championship 2012"]
[Site "Batumi GEO"]
[Date "2012.06.01"]
[Round "4.14"]
[White "Gvetadze, Sofio"]
[Black "Pogonina, Natalija"]
[Result "1/2-1/2"]
[WhiteTitle "IM"]
[BlackTitle "WGM"]
[WhiteElo "2338"]
[BlackElo "2447"]
[WhiteFideId "13601440"]
[BlackFideId "4147855"]
[EventDate "2012.05.31"]

1. d4 Nf6 2. Nf3 c5 3. e3 g6 4. dxc5 Qa5+ 5. c3 Qxc5 6. b4 Qc7 7. Bb2 Bg7 8.
Nbd2 O-O 9. Rc1 a5 10. a3 Nc6 11. Be2 d6 12. O-O b6 13. Nd4 Bb7 14. Nb5 Qd8 15.
Qb3 d5 16. Rfd1 e6 17. Nf3 Qe7 18. Nbd4 Rfc8 19. Nxc6 Bxc6 20. Ne5 Bb7 21. c4
axb4 22. axb4 dxc4 23. Bxc4 Bd5 24. Bxd5 Nxd5 25. Nc6 Qg5 26. Bxg7 Kxg7 27. b5
h5 28. Qb2+ Qf6 29. Qxf6+ Nxf6 30. h3 Ra2 31. Nd4 Rxc1 32. Rxc1 Rb2 33. Rc7 Kf8
34. Rb7 e5 35. Rxb6 exd4 36. Rxf6 dxe3 37. fxe3 Rxb5 38. Rd6 1/2-1/2

[Event "Women's World Rapid Championship 2012"]
[Site "Batumi GEO"]
[Date "2012.06.01"]
[Round "4.15"]
[White "Matnadze, Ana"]
[Black "Arakhamia-Grant, Ketevan"]
[Result "1/2-1/2"]
[WhiteTitle "IM"]
[BlackTitle "GM"]
[WhiteElo "2446"]
[BlackElo "2426"]
[WhiteFideId "13601377"]
[BlackFideId "13600168"]
[EventDate "2012.05.31"]

1. d4 Nf6 2. g3 d5 3. Bg2 g6 4. Nf3 Bg7 5. O-O O-O 6. c4 dxc4 7. Na3 c3 8. bxc3
c5 9. e3 Nc6 10. Qe2 Bf5 11. Rd1 Qa5 12. Bb2 Rfd8 13. Nc4 Qa6 14. Bf1 Rac8 15.
a4 Na5 16. Nfe5 cxd4 17. cxd4 Nxc4 18. Nxc4 Rc7 19. Rdc1 Rdc8 20. d5 Be4 21. Be5
Rc5 22. Bd4 Rxd5 23. Ne5 Qe6 24. f3 Bf5 25. g4 Rxe5 26. Rxc8+ Qxc8 27. Bxe5 Bd7
28. Qc4 Bc6 29. Be2 h6 30. Rd1 Nd7 31. Bxg7 Kxg7 32. Qd4+ Kh7 33. Qxa7 Ne5 34.
e4 Qe6 35. Qd4 Qf6 36. Kg2 g5 37. a5 Qf4 38. Qd2 Qf6 39. Qd4 Qf4 40. Qd2 Qf6 41.
Qc3 h5 42. h3 h4 43. Qd4 Qf4 44. Qd2 Qg3+ 45. Kf1 Qxh3+ 46. Kf2 Qg3+ 47. Ke3
Nxg4+ 48. Kd4 Qe5+ 49. Kc4 Qb5+ 50. Kd4 e5+ 51. Kc3 Qxa5+ 52. Kb2 Qxd2+ 53. Rxd2
Ne3 54. Bd3 h3 55. Rh2 Bd7 56. Kc3 Kg6 57. Kd2 Ng2 58. Bf1 Nf4 59. Ke3 Kh5 60.
Rd2 Bc6 61. Rd8 Kh4 62. Kf2 g4 63. Rh8+ Kg5 64. Rg8+ Ng6 65. fxg4 Kxg4 66. Ke3
h2 67. Bg2 Kg3 68. Bh1 Kh3 69. Rg7 Be8 70. Kf3 Nh4+ 71. Kf2 Ng6 72. Kf3 Nh4+ 73.
Kf2 Ng6 74. Kf3 Nh4+ 75. Kf2 Ng6 1/2-1/2

[Event "Women's World Rapid Championship 2012"]
[Site "Batumi GEO"]
[Date "2012.06.01"]
[Round "4.16"]
[White "Cori T., Deysi"]
[Black "Zhukova, Natalia"]
[Result "0-1"]
[WhiteTitle "WGM"]
[BlackTitle "GM"]
[WhiteElo "2386"]
[BlackElo "2442"]
[WhiteFideId "3801934"]
[BlackFideId "14101513"]
[EventDate "2012.05.31"]

1. d4 d5 2. Nf3 Nf6 3. c4 e6 4. Qb3 c5 5. Nc3 Nc6 6. cxd5 exd5 7. Bd2 cxd4 8.
Nb5 Ne4 9. Qxd5 Nxd2 10. Qxd8+ Kxd8 11. Kxd2 Bb4+ 12. Kd1 Bc5 13. Rc1 Bb6 14. g3
Ke7 15. Bg2 Be6 16. Nd2 Rac8 17. Nc4 Bxc4 18. Rxc4 Rhd8 19. Bh3 Rb8 20. Bf5 g6
21. Bd3 Ne5 22. Ra4 a6 23. Na3 Bc5 24. b4 b5 25. Rxa6 Bxb4 26. Kc2 Ra8 27. Rxa8
Rxa8 28. Nxb5 Bc5 29. Kb3 f5 30. Rc1 Bb6 31. h3 Nd7 32. Rc6 Rb8 33. Bc4 Nc5+ 34.
Kc2 Ne4 35. g4 fxg4 36. hxg4 Nxf2 37. g5 Nh3 38. Re6+ Kd7 39. Rd6+ Ke7 40. Re6+
Kd7 41. Rd6+ Ke7 42. Rd5 Nf4 43. Re5+ Kd7 44. Re4 Ng2 45. Nxd4 Bxd4 46. Rxd4+
Kc7 47. Bb3 Ne3+ 48. Kd3 Nf5 49. Rd5 Rf8 50. e4 Ne7 51. Rc5+ Kd6 52. Ra5 Nc6 53.
Rd5+ Kc7 54. Rb5 Rf3+ 55. Kc4 Rg3 56. Rd5 Rg4 57. Kb5 Rxe4 58. Rc5 Rb4+ 59. Ka6
Rb6# 0-1

[Event "Women's World Rapid Championship 2012"]
[Site "Batumi GEO"]
[Date "2012.06.01"]
[Round "4.18"]
[White "Purtseladze, Maka"]
[Black "Danielian, Elina"]
[Result "1-0"]
[WhiteTitle "IM"]
[BlackTitle "GM"]
[WhiteElo "2348"]
[BlackElo "2484"]
[WhiteFideId "13602659"]
[BlackFideId "13300210"]
[EventDate "2012.05.31"]

1. d4 Nf6 2. c4 e6 3. Nc3 c5 4. d5 exd5 5. cxd5 d6 6. Nf3 g6 7. g3 a6 8. a4 Bg7
9. Bg2 O-O 10. O-O Re8 11. Nd2 Nbd7 12. h3 Rb8 13. Nc4 Ne5 14. Na3 Nh5 15. f4
Nxg3 16. fxe5 Bxe5 17. Nc4 Bxc3 18. bxc3 Nxe2+ 19. Kh2 b5 20. axb5 axb5 21. Ne3
Nxc1 22. Qxc1 Qe7 23. Rf3 f5 24. Nf1 Qf6 25. Ra7 b4 26. cxb4 Rxb4 27. Re3 Rxe3
28. Qxe3 Qf8 29. Nd2 Rb7 30. Rxb7 Bxb7 31. Qe6+ Kh8 32. Nc4 f4 33. Bf3 Bc8 34.
Qxd6 Kg7 35. Qe5+ Kh6 36. d6 Qf7 37. Nb6 Qa2+ 38. Bg2 Bb7 39. Qxf4+ Kg7 40. Qe5+
Kh6 41. Nd5 Bc6 42. Qf4+ Kg7 43. Qf6+ Kh6 44. Qf8+ Kh5 45. Nf6+ Kg5 46. Nxh7+
Kh5 47. Nf6+ Kg5 48. h4+ Kf4 49. Nd5+ 1-0

[Event "Women's World Rapid Championship 2012"]
[Site "Batumi GEO"]
[Date "2012.06.01"]
[Round "4.19"]
[White "Batsiashvili, Nino"]
[Black "Charkhalashvili, Inga"]
[Result "1-0"]
[WhiteTitle "WGM"]
[BlackTitle "WGM"]
[WhiteElo "2436"]
[BlackElo "2334"]
[WhiteFideId "13602993"]
[BlackFideId "13601431"]
[EventDate "2012.05.31"]

1. d4 Nf6 2. Nc3 d5 3. Bg5 Bf5 4. e3 e6 5. Bd3 Bg6 6. Nf3 Be7 7. Ne5 Nbd7 8. f4
Nxe5 9. fxe5 Nd7 10. Bxe7 Qxe7 11. O-O O-O 12. a3 Qg5 13. Qf3 c6 14. Qh3 Rae8
15. Rf3 Qh5 16. Qg3 Bxd3 17. cxd3 Qg6 18. Qxg6 hxg6 19. Raf1 a6 20. Na4 f6 21.
exf6 gxf6 22. Rg3 Kg7 23. Rf4 Rh8 24. Nc5 Nxc5 25. dxc5 e5 26. Rfg4 Rh6 27. Rb4
Re7 28. e4 d4 29. h3 Rh8 30. Rf3 Rf8 31. g4 Rd7 32. Kg2 Kh6 33. h4 f5 34. gxf5
gxf5 35. exf5 Rg7+ 36. Rg3 Rgf7 37. Rg5 Rd8 38. Kf3 Rd5 39. Rc4 Rg7 40. Rxg7
Kxg7 41. Ke4 Kf6 42. Rc2 Rd7 43. Rg2 Rh7 44. Rg6+ Kf7 45. Kxe5 Rxh4 46. Rd6 Rh2
47. Rd7+ 1-0

[Event "Women's World Rapid Championship 2012"]
[Site "Batumi GEO"]
[Date "2012.06.01"]
[Round "4.20"]
[White "Melia, Salome"]
[Black "Gurieli, Nino"]
[Result "1-0"]
[WhiteTitle "IM"]
[BlackTitle "IM"]
[WhiteElo "2410"]
[BlackElo "2329"]
[WhiteFideId "13602446"]
[BlackFideId "13600222"]
[EventDate "2012.05.31"]

1. e4 e5 2. Bc4 Nf6 3. d4 Nc6 4. Nf3 Bb4+ 5. c3 Bd6 6. dxe5 Bxe5 7. Ng5 d5 8.
exd5 Nb8 9. Nf3 Bd6 10. Qe2+ Qe7 11. Qxe7+ Bxe7 12. O-O O-O 13. Bf4 Bd6 14. Bxd6
cxd6 15. a4 Bg4 16. Nbd2 Nbd7 17. a5 Rac8 18. Nd4 Ne5 19. Ba2 Nd3 20. Nc4 Rc5
21. b4 Rcc8 22. f3 Bd7 23. Rfd1 Ne5 24. Nxd6 Rxc3 25. Nxb7 Ba4 26. Rdc1 Rd3 27.
Nf5 Bd7 28. Ne7+ Kh8 29. Nc5 Rd4 30. Nxd7 Nfxd7 31. Nc6 Rd2 32. Nxa7 Nd3 33. Rd1
Rxd1+ 34. Rxd1 Nxb4 35. Bc4 Ne5 36. Be2 Ra8 37. Nb5 Rxa5 38. d6 Nd7 39. Rb1 Nc6
40. Rc1 Ndb8 41. Nd4 Na7 42. Rc7 g6 43. d7 Nxd7 44. Rxd7 Kg7 45. Bc4 1-0